| 000 | 00394nam a2200145Ia 4500 | ||
|---|---|---|---|
| 008 | 150128s9999 xx 000 0 und d | ||
| 020 | _a0553213652 | ||
| 050 |
_aCLA _bM61b 1986 |
||
| 100 | _aMiller, Barbara Stoler. | ||
| 245 | 4 | _aThe Bhagavad-Gita / | |
| 250 | _aBarbara Stoler Miller. | ||
| 260 |
_aNew York: _bBantam Books, _c1986. |
||
| 300 |
_a168 pages : _c18 cm. |
||
| 650 | _xFiction. | ||
| 999 |
_c278883 _d278883 |
||